00944nam a2200241Ia 4500001000600000003000900006008004100015040001300056040001300069041001300082100001500095100002900110245006400139245006000203250001100263260000900274260002800283260004900311300005900360500023800419650001400657650003100671A8577IT-RoPAU130308s9999 xx 000 0 und d aIT-RoPAU cIT-RoPAU aFRANCESE aHruby Kurt gCodice Aut. SPICS: 17618 aBenediction comme formule de base de la liturgie juive (La) bBenedictions et Les Sacramentaux Dans la Liturgie (Les) a1a ed. aROMA bCLV Edizioni Liturgiche c1988 [1° Ed.:1988 - Ed.Ling.Originale:1988] a"16 p. (prefazione: no ; testo: 16 [pagine: 109-124])" aBenedizione Come formula di Base della Liturgia Giudaica. Contesto Vetero Testamentario. Evoluzione dell'idea nella Tradizione Rabbinica. Benedizionee Preghiera Liturgica. Parti Piu' Antiche della Liturgia Sinagogale. 18 Benedizioni. aEUCOLOGIA eCodice materia Spics: 9161